[Event "Liberec op 17th"]
[Site "Liberec"]
[Date "2017.03.04"]
[Round "9"]
[White "Teglas, Balazs"]
[Black "Carlsson, Ludvig"]
[Result "1-0"]
[WhiteElo "2253"]
[BlackElo "2093"]
[PlyCount "79"]
[EventDate "2017.02.25"]
[EventType "swiss"]
[EventRounds "9"]
[EventCountry "CZE"]
[SourceTitle "CBM 177 Extra"]
[Source "ChessBase"]
[SourceDate "2017.04.27"]
[SourceVersion "1"]
[SourceVersionDate "2017.04.27"]
[SourceQuality "1"]

1. d4 e6 2. Nf3 f5 3. g3 Nf6 4. Bg2 g6 5. 0-0 Bg7 6. Bf4 0-0 7. Nc3 d6 8. Re1 Nh5 9. Bg5 Qe8 10. Qd2 e5 11. dxe5 dxe5 12. Bh6 Nc6 13. Bxg7 Kxg7 14. Nd5 Rf7 15. Rad1 h6 16. Qc3 g5 17. b4 g4 18. Nh4 Kh7 19. e3 b5 20. Nf4 Nxf4 21. Bxc6 Nh3+ 22. Kf1 Bd7 23. Bxa8 Qxa8 24. Qxe5 Qc6 25. Qd5 Qf6 26. Qd4 Qc6 27. Qc5 Qe6 28. Rd5 Qe4 29. Re5 Qh1+ 30. Ke2 Qxh2 31. Rf1 f4 32. Re7 f3+ 33. Ke1 Be6 34. Rxe6 Nxf2 35. Qd4 Qxg3 36. Rxf2 Qxh4 37. Re8 Qf6 38. Qxg4 Qc3+ 39. Kf1 Rg7 40. Qf5+ 1-0

[Event "Liberec op 17th"]
[Site "Liberec"]
[Date "2017.03.03"]
[Round "8"]
[White "Buchcar, Tomas"]
[Black "Teglas, Balazs"]
[Result "1-0"]
[WhiteElo "2153"]
[BlackElo "2253"]
[PlyCount "97"]
[EventDate "2017.02.25"]
[EventType "swiss"]
[EventRounds "9"]
[EventCountry "CZE"]
[SourceTitle "CBM 177 Extra"]
[Source "ChessBase"]
[SourceDate "2017.04.27"]
[SourceVersion "1"]
[SourceVersionDate "2017.04.27"]
[SourceQuality "1"]

1. e4 c5 2. f4 d5 3. e5 h5 4. Nf3 Bf5 5. Bb5+ Nc6 6. Bxc6+ bxc6 7. d3 e6 8. 0-0 Ne7 9. Nc3 Ng6 10. Na4 Be7 11. b3 Bg4 12. h3 Bxf3 13. Qxf3 Nh4 14. Qf2 Nf5 15. Nxc5 Bh4 16. Qd2 Qb6 17. d4 Be7 18. Ba3 h4 19. c3 Qb5 20. Rad1 Rg8 21. Qd3 Qxd3 22. Rxd3 a5 23. Rb1 g5 24. fxg5 Rxg5 25. Bc1 Rg6 26. Na4 Rb8 27. Bf4 Kd7 28. Rc1 Rgg8 29. Rc2 Rgc8 30. c4 Rb4 31. Bd2 dxc4 32. Rxc4 Rxc4 33. Nb6+ Ke8 34. Nxc4 Rd8 35. Bxa5 Rd7 36. Bb6 c5 37. a4 Nxd4 38. Kf2 Nc6 39. Rxd7 Kxd7 40. a5 Nb4 41. g3 Nd3+ 42. Kf3 hxg3 43. Kxg3 Nb4 44. h4 f5 45. h5 Bg5 46. Bxc5 Nd3 47. a6 Kc6 48. Nd6 Bf4+ 49. Kf3 1-0

[Event "Liberec op 17th"]
[Site "Liberec"]
[Date "2017.02.25"]
[Round "1"]
[White "Teglas, Balazs"]
[Black "Trinkl, Andreas"]
[Result "1-0"]
[WhiteElo "2253"]
[BlackElo "1792"]
[PlyCount "65"]
[EventDate "2017.02.25"]
[EventType "swiss"]
[EventRounds "9"]
[EventCountry "CZE"]
[SourceTitle "CBM 177 Extra"]
[Source "ChessBase"]
[SourceDate "2017.04.27"]
[SourceVersion "1"]
[SourceVersionDate "2017.04.27"]
[SourceQuality "1"]

1. d4 Nf6 2. Nc3 d5 3. Bg5 Nbd7 4. Nf3 c6 5. Qd3 e6 6. e4 dxe4 7. Nxe4 Qa5+ 8. Bd2 Qc7 9. 0-0-0 Nxe4 10. Qxe4 Nf6 11. Qh4 Be7 12. Bd3 c5 13. Ne5 cxd4 14. Bb5+ Kf8 15. Qxd4 Qc5 16. Qxc5 Bxc5 17. Bb4 Bxb4 18. Rd8+ Ke7 19. Rxh8 Bd6 20. f4 h6 21. g3 a6 22. Be2 Bxe5 23. fxe5 Nd7 24. Rd1 Nf8 25. Rg8 Bd7 26. Rxg7 Ng6 27. Rh7 Rh8 28. Rxh8 Nxh8 29. Bf3 Bc8 30. Rd6 Ng6 31. Rb6 Nxe5 32. Bxb7 Nd7 33. Rb3 1-0

[Event "Budapest FS08 IM"]
[Site "Budapest"]
[Date "2016.08.15"]
[Round "9"]
[White "Teglas, Balazs"]
[Black "Farago, Sandor"]
[Result "1/2-1/2"]
[WhiteElo "2219"]
[BlackElo "2264"]
[PlyCount "110"]
[EventDate "2016.08.06"]
[EventType "tourn"]
[EventRounds "9"]
[EventCountry "HUN"]
[EventCategory "1"]
[SourceTitle "CBM 173 Extra"]
[Source "ChessBase"]
[SourceDate "2016.08.29"]
[SourceVersion "1"]
[SourceVersionDate "2016.08.29"]
[SourceQuality "1"]

1. d4 Nf6 2. Nc3 d6 3. e4 Nbd7 4. f4 c5 5. e5 cxd4 6. Qxd4 Ng4 7. exd6 exd6 8. Bc4 Nc5 9. Nf3 Ne6 10. Qd2 Be7 11. Nd5 0-0 12. Nxe7+ Qxe7 13. 0-0 d5 14. Qxd5 Rd8 15. Qe4 Qc5+ 16. Kh1 Bd7 17. Qe2 Re8 18. Ne5 Nxe5 19. fxe5 Rac8 20. Bd3 g6 21. c3 Bc6 22. Bh6 Rcd8 23. Rf6 b5 24. Raf1 Rd7 25. Bc2 a5 26. Be3 Qxe5 27. Qf2 Nd8 28. Bd4 Qe2 29. Bb3 Qxf2 30. R6xf2 a4 31. Bc2 Ne6 32. Re1 Red8 33. Bf6 Rd2 34. Ref1 R8d7 35. Kg1 h6 36. h4 Nc5 37. Bd4 Rxf2 38. Rxf2 Ne6 39. Bf6 Bd5 40. Rd2 Nc5 41. Re2 Ne6 42. b3 a3 43. Rd2 Nc5 44. Re2 Ne6 45. Kf2 Kf8 46. Ke3 Ke8 47. g3 Bc6 48. Rd2 Rxd2 49. Kxd2 Kd7 50. Ke3 Kd6 51. c4 b4 52. Bb1 Bb7 53. Bd3 Bc6 54. Bc2 Bb7 55. Bb1 Bc6 1/2-1/2

[Event "Budapest FS08 IM"]
[Site "Budapest"]
[Date "2016.08.12"]
[Round "6"]
[White "Yao, Lan"]
[Black "Teglas, Balazs"]
[Result "1-0"]
[WhiteElo "2167"]
[BlackElo "2219"]
[PlyCount "89"]
[EventDate "2016.08.06"]
[EventType "tourn"]
[EventRounds "9"]
[EventCountry "HUN"]
[EventCategory "1"]
[SourceTitle "CBM 173 Extra"]
[Source "ChessBase"]
[SourceDate "2016.08.29"]
[SourceVersion "1"]
[SourceVersionDate "2016.08.29"]
[SourceQuality "1"]

1. e4 c5 2. Nf3 Nc6 3. d4 cxd4 4. Nxd4 e5 5. Nb5 d6 6. c4 Be7 7. N1c3 a6 8. Na3 Be6 9. Nc2 Bg5 10. Be2 Bxc1 11. Qxc1 Nge7 12. Qd2 Qb6 13. 0-0 0-0 14. Ne3 Nd4 15. b3 Ng6 16. Ned5 Qd8 17. Bh5 Bxd5 18. Nxd5 Ne7 19. Nc3 b5 20. cxb5 axb5 21. f4 Qb6 22. Kh1 Qb7 23. Bf3 Rfc8 24. Rac1 Rc5 25. Ne2 Rxc1 26. Rxc1 Nec6 27. Nc3 Nb4 28. fxe5 dxe5 29. Nd5 Nxa2 30. Rc7 Qa6 31. Bh5 g6 32. Qf2 Qe6 33. Re7 Rc8 34. h3 Rc2 35. Qg3 Qc6 36. Qxe5 Ne6 37. Nf6+ Kf8 38. Re8+ Qxe8 39. Nxe8 Kxe8 40. Qxb5+ Ke7 41. Bg4 Nc3 42. Qb7+ Kf6 43. Bxe6 fxe6 44. Qb8 e5 45. Qd6+ 1-0

[Event "Banska Stiavnica V4 op"]
[Site "Banska Stiavnica"]
[Date "2016.07.10"]
[Round "9"]
[White "Hros, Roman"]
[Black "Teglas, Balazs"]
[Result "0-1"]
[WhiteElo "2147"]
[BlackElo "2203"]
[PlyCount "124"]
[EventDate "2016.07.02"]
[EventType "swiss"]
[EventRounds "9"]
[EventCountry "SVK"]
[SourceTitle "CBM 173 Extra"]
[Source "ChessBase"]
[SourceDate "2016.08.29"]
[SourceVersion "1"]
[SourceVersionDate "2016.08.29"]
[SourceQuality "1"]

1. e4 d6 2. d4 Nf6 3. Nc3 g6 4. Be3 a6 5. Qd2 b5 6. f3 Nbd7 7. Nh3 Nb6 8. Nf4 Bg7 9. h4 h5 10. a4 b4 11. Nd1 a5 12. Nf2 Bd7 13. b3 c6 14. Rd1 Qc7 15. g3 c5 16. dxc5 dxc5 17. Qc1 0-0 18. Bh3 Bxh3 19. N2xh3 Rfd8 20. 0-0 Ne8 21. Kg2 Bd4 22. Bxd4 cxd4 23. Nd3 Rac8 24. Rd2 e5 25. f4 exf4 26. Rxf4 Ng7 27. Ng5 Rf8 28. Kh2 f6 29. Nh3 Nd7 30. Qg1 Ne6 31. Rf1 Ne5 32. Nxe5 Qxe5 33. Qg2 Kg7 34. Nf4 Nc5 35. g4 Ne6 36. Qg3 hxg4 37. Qxg4 Nxf4 38. Qxf4 Rc3 39. Rg2 Rh8 40. Kg1 Qxf4 41. Rxf4 d3 42. cxd3 Rxb3 43. Rfg4 Rxd3 44. Rxg6+ Kf7 45. Rg7+ Ke6 46. Ra7 Rd1+ 47. Kf2 Rd2+ 48. Kg1 Rxg2+ 49. Kxg2 Rb8 50. Ra6+ Kf7 51. Rd6 b3 52. Rd1 Rb4 53. Rb1 Rxe4 54. Rxb3 Rxh4 55. Ra3 f5 56. Kg3 Re4 57. Kf3 Kf6 58. Kf2 Ke5 59. Re3 Rxe3 60. Kxe3 Kd5 61. Kf4 Kc4 62. Kxf5 Kb4 0-1